Playground / (Záznam č. 21302)

Podrobnosti MARC
000 -Návěští
Řídící pole kódované 24B 01629nam a2200265 a 4500
001 - Kontrolní číslo
Řídící pole proměnné 4214400000030210
005 - Datum posledního zpracování
Řídící pole 16B 20180207131400.0
008 - Údaje pevné délky
Řídící pole kódované 40B 0919s2016----xr ---------u-------cze-d
020 ## - ISBN
ISBN 978-80-7491-782-0
-- (vázáno) :
Dostupnost Kč 349,00
040 ## - Zdroj katalogizace-agentura
Agentura původní katalogizace abg508
Použitá pravidla popisu AACR2
-- 1
Jazyk katalogizace cze
041 1# - Kód jazyka
Kód jazyka textu/zvuku, mezititulků cze
Kód jazyka originálu swe
100 1# - Hlavní záhlaví - osobní jméno autora
Osobní jméno Kepler, Lars
Kód role aut
245 10 - Údaje o názvu
Název Playground /
Údaj o odpovědností, atd. Lars Kepler; ze švédského originálu Playground ... přeložila Karolína Kloučková
250 ## - Údaje o vydání
Označení vydání První vydání
260 ## - Nakladatelské údaje
Místo vydání Brno :
Jméno nakladatele Host - vydavatelství, s.r.o.,
datum vydání 2016
300 ## - Fyzický popis
Rozsah 434 stran ;
Rozměry 21 cm
520 2# - Anotace
Anotace, atd. Jasmin Pascalová-Andersonová má hodnost poručíka švédské armády. Během mise NATO v severním Kosovu se její jednotka ocitne v boji. Jasmin ztratí dva ze svých mužů a sama je těžce zraněna. Na celou minutu a čtyřicet vteřin se jí zastaví srdce, potom je však přivedena k životu. Po probuzení mluví o své zkušenosti z klinické smrti: ocitla se v tajemném přístavním městě, jež představuje přechod mezi životem a smrtí a v němž panuje krutý a nespravedlivý systém. Jasmin je ze svých zážitků zmatená a rozrušená. Co se stalo během těch vzácných vteřin, kdy se jí zastavilo srdce? A jak se jí podařilo překonat nástrahy města a vrátit se do života?
653 ## - Rejstříkový termín - volně tvořený
Volně tvořený termín detektivka
-- detektivky
-- severská literatura
700 1# - Vedlejší záhlaví - osobní jméno autora
Osobní jméno Kloučková, Karolína
Kód role trl
765 0# - Záhlaví v originálním jazyce
Název Playground
910 ## - Údaje o vlastníkovi jednotky (exempláře)
Sigla vlastníka jednotky abg508
936 ## -
-- text
-- txt
-- rdacontent
937 ## -
-- bez média
-- n
-- rdamedia
938 ## -
-- svazek
-- nc
-- rdacarrier
980 ## - ZClavia
-- 20160919
-- 6
-- Euromedia
-- 2016/48
-- 349.00
-- 261.75
-- 421440051099
-- K
-- SP
Jednotky
Stav ztráty Stav poškození
   

Používáme knihovní systém Koha